00609nam a2200193Ia 4500008004100000020001500041040001800056041000800074100003600082245012100118250001200239260005100251300001400302490002300316650000900339650001300348650003000361650002400391130821s2002 xx gr spa  a8472238164 aCo-BoUCMbspa00aspa1 aValls Gorina, Manueld1920-198413aLa música en el abrazo de Eros aproximación al estudio de la relación entre música y erotismocManuel Valls a2a. Ed. a[Lugar desconocido]bfot.c[fecha desconocida] abarcelona aLos 5 Sentidosv1604aArte04aErotismo04aMúsicaxInvestigaciones04aSexo en la música